Facts & figures basis reading practice
में बचाया:
| मुख्य लेखक: | |
|---|---|
| अन्य लेखक: | |
| स्वरूप: | पुस्तक |
| भाषा: | English |
| प्रकाशित: |
Thanh Hóa
Nxb. Thanh Hóa
1996
|
| विषय: | |
| टैग : |
टैग जोड़ें
कोई टैग नहीं, इस रिकॉर्ड को टैग करने वाले पहले व्यक्ति बनें!
|
| Thư viện lưu trữ: | Trung tâm Học liệu Lê Vũ Hùng, Trường Đại học Đồng Tháp |
|---|
| LEADER | 00752pam a22002178a 4500 | ||
|---|---|---|---|
| 001 | 00024357 | ||
| 005 | 20171026081022.0 | ||
| 008 | 110718s1996 ||||||engsd | ||
| 041 | 0 | # | |a eng |
| 082 | 1 | 4 | |a 428 |b F200C |
| 100 | 1 | # | |a Ackert, Patricia |
| 245 | 1 | 0 | |a Facts & figures |b basis reading practice |c Patricia Ackert; Đỗ Lệ Hằng dịch và chú giải |
| 260 | # | # | |a Thanh Hóa |b Nxb. Thanh Hóa |c 1996 |
| 300 | # | # | |a 434 p. |b ill. |c 21 cm. |
| 650 | # | 4 | |a Bài tập |
| 650 | # | 4 | |a Tiếng anh |
| 700 | 1 | # | |a Đỗ Lệ Hằng |e dịch và chú giải |
| 852 | # | # | |b Kho đọc |j KD.0008653 |
| 852 | # | # | |j KD.0008653 |
| 910 | 0 | # | |a Ntuyet |d 18/07/2011 |
| 980 | # | # | |a Trung tâm Học liệu Lê Vũ Hùng, Trường Đại học Đồng Tháp |